| 000 | 01086nam a2200313 a 4500 | ||
|---|---|---|---|
| 001 | |||
| 003 | DO-SdBNP | ||
| 005 | 20220202103902.0 | ||
| 007 | 000039188 | ||
| 008 | 130607s1997 dr c 000 0 spa d | ||
| 020 | _a8489539480(v.4) | ||
| 020 | _a 8489539669 (v.5) | ||
| 040 |
_aBPMSU _bspa _cBPMSU |
||
| 082 |
_2R920.7293 _aM385g 1998 _b22 |
||
| 100 | 1 |
_aMartínez, Carlos T. _d1945- |
|
| 245 | 1 | 0 |
_aGrandes dominicanos / _cCarlos T. Martínez ; prólogo Mariano Lebrón Saviñon |
| 260 |
_aSanto Domingo : _bBanco Gerencial & Fiduciario, _c1997- |
||
| 300 |
_avs. : _bretrs. ; _c24 cm. |
||
| 500 | _aIncluye datos biográficos del autor en las solapas | ||
| 500 | _aDel v.1-v.6 publicados por el Banco Fundiciario; v.7-v.15, v.18 Producciones Catemar | ||
| 500 | _aLa biblioteca posee los v. 5,8 y 9 | ||
| 590 | _6Inventariado, 2021/VM | ||
| 651 | 4 |
_aRepública Dominicana _vBiografías |
|
| 700 | 1 |
_4 Lebrón Saviñon, Mariano _apról. |
|
| 710 | 2 | _aBanco Gerencial y Fiduciario (República Dominicana) | |
| 910 | _aVMateo V. | ||
| 942 |
_2ddc _cBK |
||
| 956 | _a | ||
| 999 |
_c13871 _d13871 |
||